00346nam a2200145Ia 4500008004100000020001500041041001200056082001100068100001700079245003300096250000800129260003900137300000800176650001600184221030s9999 xx 000 0 und d a8131706982 aEnglish a105.23 aR. J. Wilson 0aIntroduction to Graph Theory a4th bPearson EdcuationaNew Delhic2007 a171 aBE Computer